Linear and multilinear algebra
Saved in:
| Main Author: | |
|---|---|
| Format: | Book |
| Language: | English |
| Published: |
Nueva York
W. A. Benjamin
1966
|
| Subjects: | |
| Tags: |
Add Tag
No Tags, Be the first to tag this record!
|
MARC
| LEADER | 00000nam a2200000 a 4500 | ||
|---|---|---|---|
| 001 | UCW1521 | ||
| 003 | CL-VaPUC | ||
| 008 | 920722e19660000US |||||||||||||||||eng|d | ||
| 082 | 0 | 4 | |a 512.5 |b ABR |2 21 |
| 100 | 0 | |a Abraham, Ralph |e author |9 305536 | |
| 245 | 1 | 0 | |a Linear and multilinear algebra |
| 300 | |a 103 p | ||
| 942 | |c BK | ||
| 945 | |d 19920722 00:00:00 | ||
| 260 | |a Nueva York |b W. A. Benjamin |c 1966 | ||
| 650 | 0 | |a Álgebra lineal |9 260445 | |
| 650 | 0 | |a Álgebra multilineal |9 271043 | |
| 583 | |a last modification |c 19920722 00:00:00 |k Rodrigo Vera | ||
| 999 | |c 216404 |d 216402 | ||